000 00602 a2200181 4500
999 _c5770
_d5770
010 _aENG-87023
020 _a0070659567
_c595.00
035 _aEN-70556
037 _bDBAD / PUB
082 1 4 _a005.756
100 1 _aCarpenter, Tom
245 1 _aMCTS SQL server 2005 implementation and maintenance study guide (Exam 70-431) /
_cby Tom Carpenter
260 _aNew Delhi
_bTata McGraw-Hill Publishing
_c2007
270 _a7, West Patel Nagar,
_bNew Delhi
_e110 008
300 _axxxxi, 606 p.
_c24 cm (Pbk)
_b+C.D.Rom
500 _aIncludes index
942 _adpl
_cEN
_2ddc
_h005.756
_mCAR